• 首页
  • 本馆介绍
  • 公告通知
  • 最新文献
  • 馆藏检索
  • 电子资源
  • 读者导购
  • 参考咨询
  • 我的图书馆
  • 登录
  • 详细信息显示
  • 放入我的书架
  • 预约/预借图书
  • 作者相关作品
  • 分类相关作品
  • 丛书相关作品
  • 出版社相关作品

书目信息

  • 表格格式
  • 工作单格式
  • 卡片格式
题名:
认识与谬误
    
 
作者: 马赫 著 ;洪佩郁 译
分册:  
出版信息: 南京   译林出版社  2014.10
页数: 390页
开本: 21cm
丛书名: 汉译经典
单 册:
中图分类: B521
科图分类:
主题词: 哲学理论--zhe xue li lun--奥地利--近代 , 奥地利--ao di li
电子资源:
ISBN: 978-7-5447-5009-7
000 01229nam0 22003011 450
001 0102164921
005 20170502164921.0
010    @a978-7-5447-5009-7@dCNY57.60
100    @a20141204d2014 em y0chiy50 ea
101 1  @achi@cger
102    @aCN@b320000
105    @ay z 000yy
106    @ar
200 1  @a认识与谬误@9ren shi yu miu wu@dErkenntnis und Irrtum@f(奥)恩斯特·马赫著@g洪佩郁译@zger
210    @a南京@c译林出版社@d2014.10
215    @a390页@d21cm
225 2  @a汉译经典@9han yi jing dian
312    @a封面德文题名:Erkenntnis und Irrtum
330    @a本书是恩斯特·马赫的代表作,也是他晚年系统、综合地阐述其哲学思想的结论性著作。马赫在书中大量运用了物理学、生物学、生理学、心理学、数学、哲学、病理学,乃至神话传说等方面的材料和例证,论述了普通思维与科学思维之间的近似关系,并从以主观意识为本质的唯心主义出发,对物质世界与精神世界之间的同一关系进行了说明。
461  0 @12001 @a汉译经典
510 1  @aErkenntnis und Irrtum@zger
606 0  @a哲学理论@9zhe xue li lun@y奥地利@z近代
606 0  @a奥地利@9ao di li
690    @aB521@v5
701  0 @c(奥)@a马赫@9ma he@c(Mach,Ernst@f1838~1916)@4著
702  0 @a洪佩郁@9hong pei yu@4译
801  0 @aCN@b百万庄@c20170308
905    @b1002886-91@dB521@e19@f6
    
    认识与谬误=Erkenntnis und Irrtum/(奥)恩斯特·马赫著/洪佩郁译.-南京:译林出版社,2014.10
    390页;21cm.-(汉译经典)
    
    
    ISBN 978-7-5447-5009-7:CNY57.60
    本书是恩斯特·马赫的代表作,也是他晚年系统、综合地阐述其哲学思想的结论性著作。马赫在书中大量运用了物理学、生物学、生理学、心理学、数学、哲学、病理学,乃至神话传说等方面的材料和例证,论述了普通思维与科学思维之间的近似关系,并从以主观意识为本质的唯心主义出发,对物质世界与精神世界之间的同一关系进行了说明。
●
相关链接 在E读中查询图书 在五车中查询图书 在当当中查询图书 在豆瓣中查询图书


正题名:认识与谬误     索取号:B521/19         预约/预借

序号 登录号 条形码 馆藏地/架位号 状态 备注
1 1002886   210028860   第一样本阅览室/ [索取号:B521/19] 在馆    
2 1002887   210028879   教育系资料室/ [索取号:B521/19] 在馆    
3 1002888   210028888   教育系资料室/ [索取号:B521/19] 在馆    
4 1002889   210028897   教育系资料室/ [索取号:B521/19] 在馆    
5 1002890   210028904   第一借阅区/ [索取号:B521/19] 在馆    
6 1002891   210028913   第一借阅区/ [索取号:B521/19] 在馆    
唐山师范学院图书馆 欢迎您!
大连网信软件有限公司© 版权所有